ბათუმის შოთა რუსთაველის სახელმწიფო უნივერსიტეტის ბიბლიოთეკა

პლასტმასის კონსტრუქციები : (ბიბ.ჩანაწერი № 61244)

000 -ლიდერი
ფიქსირებული სიგრძის საკონტროლო ველი 01366nam a22002297a 4500
003 - საკონტროლო ნომრის იდენტიფიკატორი
საკონტროლო ველი Ge_BSU
005 - ბოლო ოპერაციის თარიღი და დრო
საკონტროლო ველი 20240110104533.0
008 - ფიქსირებული სიგრძის მონაცემთა ელემენტები - ზოგადი ინფორმაცია
ფიქსირებული სიგრძის საკონტროლო ველი 240110s2023 ge ||||| |||| 00| 0 geo d
020 ## - წიგნის საერთაშორისო სტანდარტული ნომერი
International Standard Book Number 9789941335143
041 ## - ენის კოდი
Language code of text/sound track or separate title geo
080 ## - უნივერსალური ათობითი კლასიფიკაციის ინდექსი
Universal Decimal Classification number 624.011.78 ხ-66
100 ## - მთავარი ჩანაწერი - პიროვნების სახელი
Personal name ხმელიძე, თამაზ
9 (RLIN) 21010
245 ## - ცნობა სათაურის შესახებ
Title პლასტმასის კონსტრუქციები :
Remainder of title [მონოგრაფია] /
Statement of responsibility, etc თამაზ ხმელიძე, თამაზ ცვარიანი; სამეცნიერო რედაქტორი გელა ყიფიანი; საქართველოს ტექნიკური უნივერსიტეტი.
264 ## - წარმოების, გამოცემის, დისტრიბუციის და სხვა ცნობები
გამოცემის, წარმოების, დისტრიბუციის... ადგილი თბილისი :
გამოცემის, წარმოების, დისტრიბუციის... სახელწოდება უნივერსალი,
გამოცემის, წარმოების, დისტრიბუციის... თარიღი 2023.
300 ## - ფიზიკური აღწერა
Extent 420 გვ. :
Other physical details სურ., ცხრ. ;
Dimensions 24 სმ.
504 ## - BIBLIOGRAPHY, ETC. NOTE
Bibliography, etc ბიბლიოგრაფია: გვ. 402-407.
520 ## - SUMMARY, ETC.
Summary, etc რეზიუმე ქართულ და ინგლისურ ენებზე.
653 ## - INDEX TERM--UNCONTROLLED
Uncontrolled term პლასტმასის კონსტრუქციები
700 ## - ADDED ENTRY--PERSONAL NAME
Personal name ცვარიანი, თამაზ
Relator term ავტორი.
9 (RLIN) 21011
700 ## - ADDED ENTRY--PERSONAL NAME
Personal name ყიფიანი, გელა
Relator term სამეცნიერო რედაქტორი
9 (RLIN) 21012
942 ## - ADDED ENTRY ELEMENTS (KOHA)
Source of classification or shelving scheme
Koha item type წიგნი
ეგზემპლარები
ჩამოწერის სტატუსი დაკარგული ეგზემპლარის სტატუსი კლასიფიკაციის წყარო ან თაროზე გაწყობის სქემა დაზიანების სტატუსი არ გაიცემა მუდმივი მდებარეობა (დაცვის ადგილი) ამჟამინდელი ადგილსამყოფელი თაროზე განთავსების ადგილი შეძენის თარიღი ღირებულება, შესყიდვის ნორმალური ფასი სრული შენახვის შიფრი შტრიხკოდი ბოლო ოპერაციის თარიღი ეგზემპლარის მიმდევრობითი ნომერი (კეტერი?) ფასის ძალაში შესვლის თარიღი ეგზემპლარის სახეობა საჯარო შენიშვნა
          ბათუმის შოთა რუსთაველის სახელმწიფო უნივერსიტეტის მთავარი ბიბლიოთეკა ბათუმის შოთა რუსთაველის სახელმწიფო უნივერსიტეტის მთავარი ბიბლიოთეკა წიგნსაცავი 2024-01-10 64.00 624.011.78 ხ-66 67015 2024-01-10 67015 2024-01-10 წიგნი 64 ლ.
          ბათუმის შოთა რუსთაველის სახელმწიფო უნივერსიტეტის მთავარი ბიბლიოთეკა ბათუმის შოთა რუსთაველის სახელმწიფო უნივერსიტეტის მთავარი ბიბლიოთეკა წიგნსაცავი 2024-01-10 64.00 624.011.78 ხ-66 67016 2024-01-10 67016 2024-01-10 წიგნი 64 ლ.
          ბათუმის შოთა რუსთაველის სახელმწიფო უნივერსიტეტის მთავარი ბიბლიოთეკა ბათუმის შოთა რუსთაველის სახელმწიფო უნივერსიტეტის მთავარი ბიბლიოთეკა წიგნსაცავი 2024-01-10 64.00 624.011.78 ხ-66 67017 2024-01-10 67017 2024-01-10 წიგნი 64 ლ.
          ბათუმის შოთა რუსთაველის სახელმწიფო უნივერსიტეტის მთავარი ბიბლიოთეკა ბათუმის შოთა რუსთაველის სახელმწიფო უნივერსიტეტის მთავარი ბიბლიოთეკა წიგნსაცავი 2024-01-10 64.00 624.011.78 ხ-66 67018 2024-01-10 67018 2024-01-10 წიგნი 64 ლ.
          ბათუმის შოთა რუსთაველის სახელმწიფო უნივერსიტეტის მთავარი ბიბლიოთეკა ბათუმის შოთა რუსთაველის სახელმწიფო უნივერსიტეტის მთავარი ბიბლიოთეკა წიგნსაცავი 2024-01-10 64.00 624.011.78 ხ-66 67019 2024-01-10 67019 2024-01-10 წიგნი 64 ლ.
          ტექნოლოგიური ფაკულტეტის ბიბლიოთეკა ტექნოლოგიური ფაკულტეტის ბიბლიოთეკა წიგნსაცავი 2024-07-19 56.00 624.011.78 ხ-66 68788 2024-07-19 68788 2024-07-19 წიგნი 56.00
          ტექნოლოგიური ფაკულტეტის ბიბლიოთეკა ტექნოლოგიური ფაკულტეტის ბიბლიოთეკა წიგნსაცავი 2024-07-19 56.00 624.011.78 ხ-66 68789 2024-07-19 68789 2024-07-19 წიგნი 56.00
          ტექნოლოგიური ფაკულტეტის ბიბლიოთეკა ტექნოლოგიური ფაკულტეტის ბიბლიოთეკა წიგნსაცავი 2024-07-19 56.00 624.011.78 ხ-66 68790 2024-07-19 68790 2024-07-19 წიგნი 56.00
          ტექნოლოგიური ფაკულტეტის ბიბლიოთეკა ტექნოლოგიური ფაკულტეტის ბიბლიოთეკა წიგნსაცავი 2024-07-19 56.00 624.011.78 ხ-66 68791 2024-07-19 68791 2024-07-19 წიგნი 56.00
          ტექნოლოგიური ფაკულტეტის ბიბლიოთეკა ტექნოლოგიური ფაკულტეტის ბიბლიოთეკა წიგნსაცავი 2024-07-19 56.00 624.011.78 ხ-66 68792 2024-07-19 68792 2024-07-19 წიგნი 56.00